|
|
|
|
| LEADER |
01003nam a2200241 a 4500 |
| 001 |
GR-Patra19631 |
| 008 |
060620s1996 gr g b 000 0 gre d |
| 020 |
|
|
|a 9609032907
|
| 040 |
|
|
|a GrPaTEI
|b gre
|c GR-PaULI
|
| 040 |
|
|
|a GrPaTEI
|b gre
|c GR-PaULI
|
| 082 |
|
0 |
|a 551
|2 21
|
| 100 |
1 |
|
|a Λέκκας, Ευθύμιος Λ.
|
| 245 |
1 |
0 |
|a Φυσικές και τεχνολογικές καταστροφές /
|c Ε.Λ. Λέκκας.
|
| 260 |
|
|
|a Αθήνα :
|b Access Pre-Press,
|c 1996
|
| 300 |
|
|
|a 278 σ.: εικ.
|
| 504 |
|
|
|a Περιλαμβάνει βιβλιογραρφία.
|
| 650 |
|
4 |
|a Τεχνολογικές καταστροφές
|
| 650 |
|
4 |
|a ΦΥΣΙΚΕΣ ΚΑΤΑΣΤΡΟΦΕΣ
|
| 710 |
0 |
|
|a Access Pre-Press
|
| 942 |
|
|
|2 ddc
|
| 952 |
|
|
|0 0
|1 0
|2 ddc
|4 0
|6 551_000000000000000_ΛΕΚ
|7 0
|9 299973
|a LISK
|b LISK
|c BSC
|d 2021-01-17
|e 24
|f 1
|g 0.00
|l 0
|o 551 ΛΕΚ
|p 92410017892
|r 2021-01-17 00:00:00
|t 1
|w 2021-01-17
|y BK15
|x 20060620 0 1
|x GrPaTEI
|
| 971 |
|
|
|a .b26671463
|b 16-04-20
|c 23-09-16
|
| 999 |
|
|
|c 174414
|d 174414
|